| 000 | 00543nam a22001697a 4500 | ||
|---|---|---|---|
| 999 |
_c184506 _d184506 |
||
| 005 | 20220121114442.0 | ||
| 010 | _aENG-131302 | ||
| 020 |
_a978-93-5322-748-7 _c195.00 |
||
| 035 | _aEN-114834 | ||
| 037 | _bDBAD | ||
| 082 | _a000 | ||
| 245 |
_aSSC-STENOGRAPHERS (GRADE C & D): _bComputer Based Examination (CBE)-2020/ |
||
| 260 |
_aNew Delhi _bPrabhat Exam _c2019 |
||
| 270 |
_bNew Delhi _a4/19, Asaf Ali Road _e110002 _k23289555, 23289666 _mprabhatbook@gmail.com |
||
| 300 |
_a436p. _c28cm(pbk) |
||
| 942 |
_2ddc _cEN _h000 _mSSC |
||